<?xml version="1.0" encoding="UTF-8"?>
<record
    xmlns:xsi="http://www.w3.org/2001/XMLSchema-instance"
    xsi:schemaLocation="http://www.loc.gov/MARC21/slim http://www.loc.gov/standards/marcxml/schema/MARC21slim.xsd"
    xmlns="http://www.loc.gov/MARC21/slim">

  <leader>00702nam a22001937a 4500</leader>
  <datafield tag="999" ind1=" " ind2=" ">
    <subfield code="c">171029</subfield>
    <subfield code="d">171029</subfield>
  </datafield>
  <controlfield tag="005">20200103105648.0</controlfield>
  <datafield tag="010" ind1=" " ind2=" ">
    <subfield code="a">319306</subfield>
  </datafield>
  <datafield tag="020" ind1=" " ind2=" ">
    <subfield code="c">9.00</subfield>
    <subfield code="a">-</subfield>
  </datafield>
  <datafield tag="035" ind1=" " ind2=" ">
    <subfield code="a">A319306</subfield>
  </datafield>
  <datafield tag="037" ind1=" " ind2=" ">
    <subfield code="b">BPPD</subfield>
  </datafield>
  <datafield tag="082" ind1=" " ind2=" ">
    <subfield code="a">841               </subfield>
  </datafield>
  <datafield tag="100" ind1=" " ind2=" ">
    <subfield code="a">&#x633;&#x631; &#x62F; &#x627; &#x631; &#x627; &#x646;&#x648; &#x631; &#x62E;&#x627; &#x646; &#x627; &#x646;&#x648; &#x631; </subfield>
  </datafield>
  <datafield tag="245" ind1=" " ind2=" ">
    <subfield code="a">&#x644;&#x645;&#x639;&#x627; &#x62A; &#x627; &#x646;&#x648; &#x631; </subfield>
    <subfield code="c">&#x633;&#x631; &#x62F; &#x627; &#x631; &#x627; &#x646;&#x648; &#x631; &#x62E;&#x627; &#x646; &#x627; &#x646;&#x648; &#x631; </subfield>
  </datafield>
  <datafield tag="246" ind1=" " ind2=" ">
    <subfield code="a">Lumhat-e-Anwer (Urdu)</subfield>
    <subfield code="b">by Sardar Anwer Khan Anwer</subfield>
  </datafield>
  <datafield tag="260" ind1=" " ind2=" ">
    <subfield code="a">Mumbai </subfield>
    <subfield code="c">1962 &#x621; </subfield>
    <subfield code="b">Darul Ashaat,Adabiat-e-Anwer                                            </subfield>
  </datafield>
  <datafield tag="270" ind1=" " ind2=" ">
    <subfield code="b">Mumbai</subfield>
    <subfield code="k">-</subfield>
    <subfield code="e">3</subfield>
    <subfield code="a">14/6B.I.T. Block,Abrahim Rehmatullah Road,</subfield>
  </datafield>
  <datafield tag="300" ind1=" " ind2=" ">
    <subfield code="a">584 &#x635;</subfield>
    <subfield code="c">22 cm(hb)</subfield>
  </datafield>
  <datafield tag="942" ind1=" " ind2=" ">
    <subfield code="2">ddc</subfield>
    <subfield code="c">UR</subfield>
    <subfield code="h">841</subfield>
    <subfield code="m">&#x627; &#x646; &#x648; </subfield>
  </datafield>
  <datafield tag="952" ind1=" " ind2=" ">
    <subfield code="0">0</subfield>
    <subfield code="1">0</subfield>
    <subfield code="4">0</subfield>
    <subfield code="7">0</subfield>
    <subfield code="8">NFIC</subfield>
    <subfield code="a">L</subfield>
    <subfield code="b">L</subfield>
    <subfield code="d">2020-01-03</subfield>
    <subfield code="e">BPPD/Ven.</subfield>
    <subfield code="g">9.00</subfield>
    <subfield code="l">0</subfield>
    <subfield code="o">841 &#x627; &#x646; &#x648;</subfield>
    <subfield code="p">319306</subfield>
    <subfield code="r">2020-01-03 00:00:00</subfield>
    <subfield code="t">1</subfield>
    <subfield code="v">9.00</subfield>
    <subfield code="w">2020-01-03</subfield>
    <subfield code="y">UR</subfield>
  </datafield>
</record>
